|
|
|
|
| LEADER |
00000nam0a2200000 4500 |
| 001 |
204298 |
| 005 |
20231031190032.0 |
| 010 |
|
|
|a 5752501210
|
| 035 |
|
|
|a (RuTPU)RU\TPU\book\222681
|
| 090 |
|
|
|a 204298
|
| 100 |
|
|
|a 20111122d1991 m y0rusy50 ca
|
| 101 |
0 |
|
|a rus
|
| 102 |
|
|
|a RU
|
| 105 |
|
|
|a a z 001zy
|
| 200 |
1 |
|
|a Техногенез колчеданных месторождений Урала
|f Э. Ф. Емлин
|
| 210 |
|
|
|a Свердловск
|c Изд-во Уральского ун-та
|d 1991
|
| 215 |
|
|
|a 256 с.
|c ил.
|
| 320 |
|
|
|a Библиогр.: с. 250-253.
|
| 610 |
1 |
|
|a колчеданные месторождения
|
| 610 |
1 |
|
|a Урал
|
| 610 |
1 |
|
|a техногенез
|
| 610 |
1 |
|
|a геосистемы
|
| 610 |
1 |
|
|a геомеханические процессы
|
| 610 |
1 |
|
|a миграция
|
| 610 |
1 |
|
|a геотехнические системы
|
| 610 |
1 |
|
|a управление
|
| 610 |
1 |
|
|a контроль
|
| 675 |
|
|
|a 553.4
|v 3
|
| 700 |
|
1 |
|a Емлин
|b Э. Ф.
|g Эдуард Федорович
|
| 801 |
|
1 |
|a RU
|b 63413507
|c 20111122
|
| 801 |
|
2 |
|a RU
|b 63413507
|c 20111129
|g RCR
|
| 942 |
|
|
|c BK
|